000 00407nam a22001697a 4500
003 SGT
020 _a978817371756
082 _a615.4
_bC26P
100 _aPARTHASARTHI, G.
245 _aA TEXT BOOK OF CLINICAL PHARMACY PRACTICE
250 _a2ND
260 _aHYDERABAD,
_bUNIVERSITY PRESS
_c2026
300 _a580
650 _aPHARMACY
653 _a CLINICAL, PHARMACY, PRACTICE
942 _2ddc
_cBK
999 _c34809
_d34809